[Event "OeISM B U10"]
[Site "AUT_boys_U10"]
[Date "2020.12.13"]
[Round "4"]
[White "DenizK2011"]
[Black "Nikolaus2709"]
[Result "1-0"]
[WhiteElo "1359"]
[BlackElo "1452"]
[Annotator "NA"]
[PlyCount "67"]
[EventDate "2020.12.13"]
[EventType "blitz"]

1. d4 {[%emt 0:00:02]} d5 {[%emt 0:00:02]} 2. Nc3 {[%emt 0:00:01]} Nf6 {[%emt 0:00:04]} 3. Bf4 {[%emt 0:00:01]} Bf5 {[%emt 0:00:04]} 4. Nb5 {[%emt 0:00:02]} e5 {[%emt 0:00:30]} 5. dxe5 {[%emt 0:00:05]} Nfd7 {[%emt 0:00:07]} 6. e6 {[%emt 0:00:09]} Bd6 {[%emt 0:00:25]} 7. exd7+ {[%emt 0:00:14]} Qxd7 {[%emt 0:00:02]} 8. Nxd6+ {[%emt 0:00:06]} cxd6 {[%emt 0:00:03]} 9. Qxd5 {[%emt 0:00:06]} O-O {[%emt 0:00:03]} 10. O-O-O {[%emt 0:00:09]} Rd8 {[%emt 0:00:08]} 11. e4 {[%emt 0:00:09]} Be6 {[%emt 0:00:12]} 12. Qxd6 {[%emt 0:00:11]} Qxd6 {[%emt 0:00:09]} 13. Rxd6 {[%emt 0:00:06]} Rxd6 {[%emt 0:00:03]} 14. Bxd6 {[%emt 0:00:03]} Nc6 {[%emt 0:00:02]} 15. e5 {[%emt 0:00:07]} a5 {[%emt 0:00:02]} 16. Nf3 {[%emt 0:00:09]} a4 {[%emt 0:00:03]} 17. c4 {[%emt 0:00:20]} Nb4 {[%emt 0:00:18]} 18. Bxb4 {[%emt 0:00:09]} Rc8 {[%emt 0:00:06]} 19. Nd2 {[%emt 0:00:06]} h6 {[%emt 0:00:03]} 20. h4 {[%emt 0:00:06]} Rc6 {[%emt 0:00:10]} 21. g3 {[%emt 0:00:04] Nikolaus2709 offers a draw} Rb6 {[%emt 0:00:13]} 22. Ba3 {[%emt 0:00:08]} Rc6 {[%emt 0:00:17]} 23. b3 {[%emt 0:00:25]} axb3 {[%emt 0:00:02]} 24. axb3 {[%emt 0:00:04]} Ra6 {[%emt 0:00:01]} 25. Bb2 {[%emt 0:00:01]} Ra2 {[%emt 0:00:04]} 26. Ne4 {[%emt 0:00:04]} Bf5 {[%emt 0:00:11]} 27. Nd6 {[%emt 0:00:12]} Bg4 {[%emt 0:00:09]} 28. Bh3 {[%emt 0:00:08]} Bf3 {[%emt 0:00:04]} 29. Re1 {[%emt 0:00:15]} Kh7 {[%emt 0:00:17]} 30. e6 {[%emt 0:00:32]} fxe6 {[%emt 0:00:03]} 31. Rxe6 {[%emt 0:00:07]} Ra6 {[%emt 0:00:05]} 32. Bf5+ {[%emt 0:00:04]} g6 {[%emt 0:00:14]} 33. Bxg6+ {[%emt 0:00:08]} Kg8 {[%emt 0:00:04]} 34. Re8# {[%emt 0:00:13] Mate Mate} 1-0

[Event "OeISM B U10"]
[Site "AUT_boys_U10"]
[Date "2020.12.13"]
[Round "4"]
[White "CaptainJojo"]
[Black "Hamino10"]
[Result "1-0"]
[WhiteElo "1318"]
[BlackElo "1259"]
[Annotator "NA"]
[PlyCount "75"]
[EventDate "2020.12.13"]
[EventType "blitz"]

1. e4 {[%emt 0:00:05]} e5 {[%emt 0:00:01]} 2. Nf3 {[%emt 0:00:03]} Nc6 {[%emt 0:00:02]} 3. Bc4 {[%emt 0:00:07]} Bc5 {[%emt 0:00:06]} 4. Nc3 {[%emt 0:00:13]} Nf6 {[%emt 0:00:08]} 5. O-O {[%emt 0:00:05]} O-O {[%emt 0:00:02]} 6. d3 {[%emt 0:00:07]} Bd4 {[%emt 0:00:10]} 7. Bd2 {[%emt 0:00:08]} Bxc3 {[%emt 0:00:02]} 8. Bxc3 {[%emt 0:00:02]} d6 {[%emt 0:00:03]} 9. h3 {[%emt 0:00:11]} h6 {[%emt 0:00:05]} 10. a3 {[%emt 0:00:16]} Bd7 {[%emt 0:00:20]} 11. Qd2 {[%emt 0:00:24]} a6 {[%emt 0:00:08]} 12. b4 {[%emt 0:00:08]} b5 {[%emt 0:00:05]} 13. Bb3 {[%emt 0:00:10]} Ra7 {[%emt 0:00:43]} 14. Bb2 {[%emt 0:00:09]} Qc8 {[%emt 0:00:22]} 15. c4 {[%emt 0:00:16]} bxc4 {[%emt 0:00:02]} 16. dxc4 {[%emt 0:00:05]} Nh5 {[%emt 0:00:03]} 17. c5 {[%emt 0:00:31]} dxc5 {[%emt 0:00:04]} 18. bxc5 {[%emt 0:00:04]} Bxh3 {[%emt 0:00:05]} 19. Nxe5 {[%emt 0:00:38]} Nxe5 {[%emt 0:00:09]} 20. Bxe5 {[%emt 0:00:04]} Qg4 {[%emt 0:00:03]} 21. g3 {[%emt 0:00:26]} Nxg3 {[%emt 0:00:04]} 22. fxg3 {[%emt 0:00:04]} Re8 {[%emt 0:00:14]} 23. Bxf7+ {[%emt 0:00:04]} Kh7 {[%emt 0:00:04]} 24. Bxe8 {[%emt 0:00:33]} Bxf1 {[%emt 0:00:07]} 25. Rxf1 {[%emt 0:00:04]} Qh3 {[%emt 0:00:05]} 26. Qf4 {[%emt 0:00:36]} Ra8 {[%emt 0:00:06]} 27. Bc6 {[%emt 0:00:06]} Rd8 {[%emt 0:00:06]} 28. Bxg7 {[%emt 0:00:08]} Kg8 {[%emt 0:00:31]} 29. Bd5+ {[%emt 0:00:13]} Rxd5 {[%emt 0:00:16]} 30. Qf8+ {[%emt 0:00:05]} Kh7 {[%emt 0:00:03]} 31. Qh8+ {[%emt 0:00:07]} Kg6 {[%emt 0:00:01]} 32. Be5 {[%emt 0:00:10]} Rd2 {[%emt 0:00:07]} 33. Rf6+ {[%emt 0:00:07]} Kh5 {[%emt 0:00:03]} 34. Qxh6+ {[%emt 0:00:06]} Kg4 {[%emt 0:00:03]} 35. Qf4+ {[%emt 0:00:08]} Kh5 {[%emt 0:00:01]} 36. Rf5+ {[%emt 0:00:05]} Kg6 {[%emt 0:00:02]} 37. Qg5+ {[%emt 0:00:03]} Kh7 {[%emt 0:00:02]} 38. Rf7# {[%emt 0:00:06] Mate Mate} 1-0

[Event "OeISM B U10"]
[Site "AUT_boys_U10"]
[Date "2020.12.13"]
[Round "5"]
[White "philip2010"]
[Black "Lukas-2010"]
[Result "1/2-1/2"]
[WhiteElo "1891"]
[BlackElo "1961"]
[Annotator "NA"]
[PlyCount "277"]
[EventDate "2020.12.13"]
[EventType "blitz"]
[TimeControl "600+3"]

1. d4 {[%emt 0:00:05]} Nf6 {[%emt 0:00:04]} 2. Bf4 {[%emt 0:00:05]} e6 {[%emt 0:00:17]} 3. e3 {[%emt 0:00:06]} c5 {[%emt 0:00:05]} 4. c3 {[%emt 0:00:03]} cxd4 {[%emt 0:00:12]} 5. exd4 {[%emt 0:00:03]} b6 {[%emt 0:00:06]} 6. Nf3 {[%emt 0:00:08]} Bb7 {[%emt 0:00:02]} 7. Be2 {[%emt 0:00:02]} Be7 {[%emt 0:00:07]} 8. O-O {[%emt 0:00:02]} O-O {[%emt 0:00:01]} 9. Nbd2 {[%emt 0:00:05]} d6 {[%emt 0:00:05]} 10. h3 {[%emt 0:00:05]} Nbd7 {[%emt 0:00:02]} 11. Re1 {[%emt 0:00:21]} Re8 {[%emt 0:00:06]} 12. Bf1 {[%emt 0:00:16]} Bf8 {[%emt 0:00:05]} 13. Nc4 {[%emt 0:00:27]} Qc7 {[%emt 0:00:12]} 14. a4 {[%emt 0:00:44]} Rad8 {[%emt 0:00:37]} 15. Qb3 {[%emt 0:01:56]} Bxf3 {[%emt 0:01:12]} 16. gxf3 {[%emt 0:00:00]} e5 {[%emt 0:00:08]} 17. dxe5 {[%emt 0:00:27]} Nxe5 {[%emt 0:00:19]} 18. Nxe5 {[%emt 0:00:08]} dxe5 {[%emt 0:00:00]} 19. Bg3 {[%emt 0:00:08]} Bc5 {[%emt 0:00:40]} 20. Qc2 {[%emt 0:00:29]} Nh5 {[%emt 0:00:36]} 21. Kg2 {[%emt 0:00:34]} Nxg3 {[%emt 0:01:11]} 22. fxg3 {[%emt 0:00:10]} Rd6 {[%emt 0:00:11]} 23. Rad1 {[%emt 0:00:10]} Rg6 {[%emt 0:00:21]} 24. g4 {[%emt 0:00:18]} Rd6 {[%emt 0:01:28]} 25. Rxd6 {[%emt 0:00:15]} Bxd6 {[%emt 0:00:14]} 26. Bd3 {[%emt 0:00:14]} h6 {[%emt 0:00:12]} 27. Be4 {[%emt 0:00:16]} Rd8 {[%emt 0:00:12]} 28. Rd1 {[%emt 0:00:03]} Be7 {[%emt 0:00:15]} 29. Rd3 {[%emt 0:00:15]} Rxd3 {[%emt 0:00:13]} 30. Qxd3 {[%emt 0:00:06]} Qd6 {[%emt 0:00:05]} 31. Qxd6 {[%emt 0:00:18]} Bxd6 {[%emt 0:00:00]} 32. Kf1 {[%emt 0:00:05]} Kf8 {[%emt 0:00:08]} 33. Ke2 {[%emt 0:00:03]} Ke7 {[%emt 0:00:01]} 34. Kd3 {[%emt 0:00:03]} g6 {[%emt 0:00:17]} 35. Kc4 {[%emt 0:00:17]} a6 {[%emt 0:00:40]} 36. Bb7 {[%emt 0:00:32]} a5 {[%emt 0:00:03]} 37. Kb5 {[%emt 0:00:11]} Bc5 {[%emt 0:00:24]} 38. b4 {[%emt 0:00:19]} axb4 {[%emt 0:00:00]} 39. cxb4 {[%emt 0:00:01]} Bd4 {[%emt 0:00:32]} 40. Kc4 {[%emt 0:00:19]} Kd6 {[%emt 0:00:05]} 41. a5 {[%emt 0:00:17]} bxa5 {[%emt 0:00:01]} 42. bxa5 {[%emt 0:00:00]} f5 {[%emt 0:00:04]} 43. Kd3 {[%emt 0:00:05]} Ba7 {[%emt 0:00:04]} 44. a6 {[%emt 0:00:06]} h5 {[%emt 0:00:06]} 45. gxh5 {[%emt 0:00:11]} gxh5 {[%emt 0:00:01]} 46. Bc8 {[%emt 0:00:14]} e4+ {[%emt 0:00:02]} 47. fxe4 {[%emt 0:00:03]} fxe4+ {[%emt 0:00:00]} 48. Kxe4 {[%emt 0:00:01]} h4 {[%emt 0:00:01]} 49. Kd3 {[%emt 0:00:23]} Ke5 {[%emt 0:00:03]} 50. Kc4 {[%emt 0:00:08]} Kf6 {[%emt 0:00:01]} 51. Kb5 {[%emt 0:00:06]} Kg7 {[%emt 0:00:01]} 52. Kc6 {[%emt 0:00:04]} Kh8 {[%emt 0:00:01]} 53. Kb7 {[%emt 0:00:07]} Bd4 {[%emt 0:00:02]} 54. Bg4 {[%emt 0:00:02]} Kg7 {[%emt 0:00:02]} 55. Kc6 {[%emt 0:00:10]} Kh8 {[%emt 0:00:01]} 56. Kd5 {[%emt 0:00:00]} Ba7 {[%emt 0:00:01]} 57. Ke4 {[%emt 0:00:00]} Kg7 {[%emt 0:00:03]} 58. Kf5 {[%emt 0:00:00]} Kh8 {[%emt 0:00:03]} 59. Kg5 {[%emt 0:00:02]} Bf2 {[%emt 0:00:02]} 60. Kh5 {[%emt 0:00:06]} Kg7 {[%emt 0:00:02]} 61. Bc8 {[%emt 0:00:02]} Kh8 {[%emt 0:00:03]} 62. Bb7 {[%emt 0:00:00]} Kg7 {[%emt 0:00:02]} 63. Kg4 {[%emt 0:00:01]} Kh8 {[%emt 0:00:03]} 64. Kg5 {[%emt 0:00:00]} Kg7 {[%emt 0:00:01]} 65. Kh5 {[%emt 0:00:00]} Kh8 {[%emt 0:00:01]} 66. Bf3 {[%emt 0:00:02]} Kg7 {[%emt 0:00:02]} 67. Bg4 {[%emt 0:00:01]} Kh8 {[%emt 0:00:02]} 68. Bf3 {[%emt 0:00:00]} Kg7 {[%emt 0:00:01]} 69. Bg4 {[%emt 0:00:00]} Kh8 {[%emt 0:00:01]} 70. Bc8 {[%emt 0:00:00]} Kg7 {[%emt 0:00:02]} 71. Bb7 {[%emt 0:00:00]} Kh8 {[%emt 0:00:01]} 72. Kg4 {[%emt 0:00:02]} Kg7 {[%emt 0:00:01]} 73. Kf3 {[%emt 0:00:04]} Ba7 {[%emt 0:00:01]} 74. Ke4 {[%emt 0:00:02]} Kh8 {[%emt 0:00:02]} 75. Kd5 {[%emt 0:00:00]} Kg7 {[%emt 0:00:01]} 76. Kc6 {[%emt 0:00:00]} Kh8 {[%emt 0:00:01]} 77. Kd7 {[%emt 0:00:03]} Kg7 {[%emt 0:00:01]} 78. Kc8 {[%emt 0:00:01]} Kh8 {[%emt 0:00:01]} 79. Bg2 {[%emt 0:00:00]} Kg7 {[%emt 0:00:01]} 80. Kb7 {[%emt 0:00:01]} Bd4 {[%emt 0:00:01]} 81. Kc6 {[%emt 0:00:01]} Kh8 {[%emt 0:00:02]} 82. Kb5 {[%emt 0:00:00]} Kg7 {[%emt 0:00:01]} 83. Kc4 {[%emt 0:00:00]} Ba7 {[%emt 0:00:02]} 84. Kd5 {[%emt 0:00:00]} Kh8 {[%emt 0:00:02]} 85. Kd6 {[%emt 0:00:00]} Kg7 {[%emt 0:00:01]} 86. Kc7 {[%emt 0:00:00]} Kh8 {[%emt 0:00:01]} 87. Kb7 {[%emt 0:00:00]} Bf2 {[%emt 0:00:01]} 88. Kb8 {[%emt 0:00:05]} Kg7 {[%emt 0:00:01]} 89. Kb7 {[%emt 0:00:00]} Kh8 {[%emt 0:00:01]} 90. Kc8 {[%emt 0:00:03]} Kg7 {[%emt 0:00:01]} 91. Kc7 {[%emt 0:00:01]} Kh8 {[%emt 0:00:01]} 92. Kc6 {[%emt 0:00:00]} Kg7 {[%emt 0:00:01]} 93. Bh1 {[%emt 0:00:02]} Kh8 {[%emt 0:00:01]} 94. Kb5 {[%emt 0:00:01]} Kg7 {[%emt 0:00:01]} 95. Kc6 {[%emt 0:00:03]} Kh8 {[%emt 0:00:01]} 96. Kb7 {[%emt 0:00:00]} Kg7 {[%emt 0:00:01]} 97. a7 {[%emt 0:00:01]} Bxa7 {[%emt 0:00:02]} 98. Kxa7 {[%emt 0:00:01]} Kh8 {[%emt 0:00:01]} 99. Kb6 {[%emt 0:00:01]} Kg7 {[%emt 0:00:00]} 100. Kc5 {[%emt 0:00:00]} Kh8 {[%emt 0:00:01]} 101. Kd4 {[%emt 0:00:01]} Kg7 {[%emt 0:00:00]} 102. Ke4 {[%emt 0:00:00]} Kh8 {[%emt 0:00:01]} 103. Kf4 {[%emt 0:00:00]} Kg7 {[%emt 0:00:01]} 104. Kg4 {[%emt 0:00:00]} Kh8 {[%emt 0:00:01]} 105. Kxh4 {[%emt 0:00:00]} Kg7 {[%emt 0:00:01]} 106. Kh5 {[%emt 0:00:00]} Kh8 {[%emt 0:00:01]} 107. h4 {[%emt 0:00:00]} Kg8 {[%emt 0:00:01]} 108. Bg2 {[%emt 0:00:00]} Kh8 {[%emt 0:00:01]} 109. Kg5 {[%emt 0:00:00]} Kg7 {[%emt 0:00:01]} 110. h5 {[%emt 0:00:00]} Kh8 {[%emt 0:00:01]} 111. Bh3 {[%emt 0:00:00]} Kg7 {[%emt 0:00:01]} 112. Bf5 {[%emt 0:00:00]} Kh8 {[%emt 0:00:01]} 113. Kf6 {[%emt 0:00:01]} Kg8 {[%emt 0:00:01]} 114. Kg5 {[%emt 0:00:00]} Kh8 {[%emt 0:00:01]} 115. h6 {[%emt 0:00:00]} Kg8 {[%emt 0:00:01]} 116. Kh5 {[%emt 0:00:00]} Kh8 {[%emt 0:00:01]} 117. Bg4 {[%emt 0:00:00]} Kg8 {[%emt 0:00:01]} 118. Bf3 {[%emt 0:00:00]} Kh8 {[%emt 0:00:00]} 119. Be2 {[%emt 0:00:00]} Kg8 {[%emt 0:00:00]} 120. Bd1 {[%emt 0:00:00]} Kh8 {[%emt 0:00:00]} 121. Bc2 {[%emt 0:00:00]} Kg8 {[%emt 0:00:01]} 122. Bb1 {[%emt 0:00:00]} Kh8 {[%emt 0:00:01]} 123. Ba2 {[%emt 0:00:00]} Kh7 {[%emt 0:00:02]} 124. Bb1+ {[%emt 0:00:00]} Kh8 {[%emt 0:00:01]} 125. Kg6 {[%emt 0:00:00]} Kg8 {[%emt 0:00:01]} 126. Bc2 {[%emt 0:00:00]} Kh8 {[%emt 0:00:01]} 127. Bd3 {[%emt 0:00:00]} Kg8 {[%emt 0:00:01]} 128. Be4 {[%emt 0:00:00]} Kh8 {[%emt 0:00:01]} 129. Bf5 {[%emt 0:00:00]} Kg8 {[%emt 0:00:01]} 130. Be4 {[%emt 0:00:00]} Kh8 {[%emt 0:00:01]} 131. Bd3 {[%emt 0:00:00]} Kg8 {[%emt 0:00:00]} 132. Bc2 {[%emt 0:00:00]} Kh8 {[%emt 0:00:00]} 133. Bb1 {[%emt 0:00:00]} Kg8 {[%emt 0:00:01]} 134. Bf5 {[%emt 0:00:00]} Kh8 {[%emt 0:00:01]} 135. Bh3 {[%emt 0:00:00]} Kg8 {[%emt 0:00:01]} 136. Bg2 {[%emt 0:00:00]} Kh8 {[%emt 0:00:01]} 137. Bf1 {[%emt 0:00:00]} Kg8 {[%emt 0:00:01]} 138. Be2 {[%emt 0:00:00]} Kh8 {[%emt 0:00:01]} 139. Bd3 {[%emt 0:00:00] Threefold Rep Threefold Rep} 1/2-1/2

[Event "OeISM B U10"]
[Site "AUT_boys_U10"]
[Date "2020.12.13"]
[Round "7"]
[White "philip2010"]
[Black "EdiRaber"]
[Result "*"]
[WhiteElo "1902"]
[BlackElo "1764"]
[Annotator "NA RC"]
[PlyCount "190"]
[EventDate "2020.12.13"]
[EventType "blitz"]

1. d4 {[%emt 0:00:04]} d5 {[%emt 0:00:06]} 2. Bf4 {[%emt 0:00:03]} e6 {[%emt 0:00:08]} 3. e3 {[%emt 0:00:05]} c5 {[%emt 0:00:07]} 4. c3 {[%emt 0:00:04]} Nc6 {[%emt 0:00:09]} 5. Nd2 {[%emt 0:00:05]} Nf6 {[%emt 0:00:06]} 6. Ngf3 {[%emt 0:00:07]} Bd6 {[%emt 0:00:05]} 7. Bg3 {[%emt 0:00:03]} O-O {[%emt 0:00:09]} 8. Bd3 {[%emt 0:00:10]} Re8 {[%emt 0:00:15]} 9. O-O {[%emt 0:00:12]} Bxg3 {[%emt 0:00:04]} 10. hxg3 {[%emt 0:00:02]} cxd4 {[%emt 0:00:07]} 11. exd4 {[%emt 0:00:05]} e5 {[%emt 0:00:05]} 12. dxe5 {[%emt 0:00:20]} Nxe5 {[%emt 0:00:04]} 13. Nxe5 {[%emt 0:00:02]} Rxe5 {[%emt 0:00:01]} 14. Re1 {[%emt 0:00:06]} Qe7 {[%emt 0:00:06]} 15. Nf3 {[%emt 0:00:24]} Rxe1+ {[%emt 0:00:15]} 16. Qxe1 {[%emt 0:00:04]} Qxe1+ {[%emt 0:00:06]} 17. Rxe1 {[%emt 0:00:00]} Bg4 {[%emt 0:00:02]} 18. Re7 {[%emt 0:00:20]} Bxf3 {[%emt 0:00:15]} 19. gxf3 {[%emt 0:00:03]} Rb8 {[%emt 0:00:01]} 20. Bb5 {[%emt 0:00:57]} Kf8 {[%emt 0:00:12]} 21. Re1 {[%emt 0:00:07]} a6 {[%emt 0:00:04]} 22. Ba4 {[%emt 0:00:04]} b5 {[%emt 0:00:03]} 23. Bb3 {[%emt 0:00:01]} Re8 {[%emt 0:00:01]} 24. Rb1 {[%emt 0:01:13]} Re7 {[%emt 0:00:24]} 25. Kf1 {[%emt 0:00:08]} Ke8 {[%emt 0:00:17]} 26. Rd1 {[%emt 0:00:07]} Rd7 {[%emt 0:00:03]} 27. a4 {[%emt 0:00:19]} Kd8 {[%emt 0:00:14]} 28. axb5 {[%emt 0:00:08]} axb5 {[%emt 0:00:03]} 29. Ke2 {[%emt 0:00:07]} Kc7 {[%emt 0:00:02]} 30. Kd3 {[%emt 0:00:13]} Kc6 {[%emt 0:00:03]} 31. Ra1 {[%emt 0:00:08]} Kb7 {[%emt 0:00:09]} 32. Ra5 {[%emt 0:00:11]} Kb6 {[%emt 0:00:08]} 33. Ra8 {[%emt 0:00:12]} g6 {[%emt 0:00:27]} 34. Rb8+ {[%emt 0:00:15]} Kc6 {[%emt 0:00:18]} 35. Ra8 {[%emt 0:00:12]} Kb6 {[%emt 0:00:12]} 36. Ra1 {[%emt 0:00:19]} Re7 {[%emt 0:00:12]} 37. Rd1 {[%emt 0:00:14]} h5 {[%emt 0:00:08]} 38. Rd2 {[%emt 0:00:12]} Kc5 {[%emt 0:00:13]} 39. Rd1 {[%emt 0:00:26]} Re6 {[%emt 0:00:22]} 40. Ra1 {[%emt 0:00:08]} Kb6 {[%emt 0:00:06]} 41. Ra8 {[%emt 0:00:06]} Re7 {[%emt 0:00:03]} 42. Rd8 {[%emt 0:00:10]} Kc5 {[%emt 0:00:24]} 43. Rc8+ {[%emt 0:00:10]} Kd6 {[%emt 0:00:07]} 44. Kd2 {[%emt 0:00:20]} Rc7 {[%emt 0:00:21]} 45. Rb8 {[%emt 0:00:09]} Kc6 {[%emt 0:00:06]} 46. Bc2 {[%emt 0:00:07]} Rb7 {[%emt 0:00:08]} 47. Rc8+ {[%emt 0:00:03]} Rc7 {[%emt 0:00:02]} 48. Ra8 {[%emt 0:00:03]} Kb7 {[%emt 0:00:07]} 49. Rd8 {[%emt 0:00:12]} Kc6 {[%emt 0:00:08]} 50. Bd3 {[%emt 0:00:05]} Ra7 {[%emt 0:00:12]} 51. Rb8 {[%emt 0:00:23]} Ra2 {[%emt 0:00:18]} 52. Kc2 {[%emt 0:00:06]} Ra5 {[%emt 0:00:04]} 53. Kb3 {[%emt 0:00:10]} Nd7 {[%emt 0:00:14]} 54. Rc8+ {[%emt 0:00:15]} Kb7 {[%emt 0:00:05]} 55. Rg8 {[%emt 0:00:27]} Ne5 {[%emt 0:00:19]} 56. Be2 {[%emt 0:00:11]} Kc6 {[%emt 0:00:06]} 57. f4 {[%emt 0:00:07]} Nc4 {[%emt 0:00:04]} 58. Bxc4 {[%emt 0:00:06]} dxc4+ {[%emt 0:00:10]} 59. Kc2 {[%emt 0:00:02]} Ra7 {[%emt 0:00:03]} 60. Rd8 {[%emt 0:00:12]} Re7 {[%emt 0:00:27]} 61. Rd2 {[%emt 0:00:57]} Rb7 {[%emt 0:00:12]} 62. Kd1 {[%emt 0:00:06]} b4 {[%emt 0:00:14]} 63. cxb4 {[%emt 0:00:20]} Rxb4 {[%emt 0:00:02]} 64. Kc2 {[%emt 0:00:03]} Rb7 {[%emt 0:00:12]} 65. Rd8 {[%emt 0:00:12]} Kc5 {[%emt 0:00:06]} 66. f3 {[%emt 0:00:10]} Rc7 {[%emt 0:00:17]} 67. g4 {[%emt 0:00:03]} hxg4 {[%emt 0:00:04]} 68. fxg4 {[%emt 0:00:00]} Kc6 {[%emt 0:00:05]} 69. Kc3 {[%emt 0:00:03]} Kc5 {[%emt 0:00:13]} 70. Rd4 {[%emt 0:00:06]} Kb5 {[%emt 0:00:02]} 71. Rd5+ {[%emt 0:00:03]} Kb6 {[%emt 0:00:10]} 72. Kd4 {[%emt 0:00:08]} Ka6 {[%emt 0:00:15]} 73. Rc5 {[%emt 0:00:03]} Rb7 {[%emt 0:00:07]} 74. Rxc4 {[%emt 0:00:02]} Rxb2 {[%emt 0:00:03]} 75. Ke5 {[%emt 0:00:01]} Rb7 {[%emt 0:00:04]} 76. Kf6 {[%emt 0:00:02]} Kb6 {[%emt 0:00:04]} 77. Rb4+ {[%emt 0:00:02]} Kc6 {[%emt 0:00:07]} 78. Rxb7 {[%emt 0:00:00]} Kxb7 {[%emt 0:00:01]} 79. Kxf7 {[%emt 0:00:01]} Kc7 {[%emt 0:00:03]} 80. Kxg6 {[%emt 0:00:01]} Kd7 {[%emt 0:00:01]} 81. f5 {[%emt 0:00:00]} Ke7 {[%emt 0:00:04]} 82. Kg7 {[%emt 0:00:01]} Kd6 {[%emt 0:00:01]} 83. f6 {[%emt 0:00:01]} Ke5 {[%emt 0:00:01]} 84. g5 {[%emt 0:00:01]} Kf5 {[%emt 0:00:01]} 85. g6 {[%emt 0:00:01]} Ke6 {[%emt 0:00:01]} 86. f7 {[%emt 0:00:01]} Kd7 {[%emt 0:00:02] EdiRaber offers a draw} 87. f8=Q {[%emt 0:00:02]} Ke6 {[%emt 0:00:02]} 88. Qf6+ {[%emt 0:00:03]} Kd5 {[%emt 0:00:01]} 89. Kf7 {[%emt 0:00:03]} Ke4 {[%emt 0:00:03]} 90. g7 {[%emt 0:00:00]} Kd3 {[%emt 0:00:02]} 91. g8=Q {[%emt 0:00:01]} Kc4 {[%emt 0:00:00]} 92. Qg4+ {[%emt 0:00:01]} Kc5 {[%emt 0:00:02]} 93. Qe5+ {[%emt 0:00:02]} Kc6 {[%emt 0:00:03]} 94. Qg6+ {[%emt 0:00:02]} Kd7 {[%emt 0:00:01]} 95. Qe7+ {[%emt 0:00:01]} Kc8 {[%emt 0:00:01]} *

[Event "OeISM B U10"]
[Site "AUT_boys_U10"]
[Date "2020.12.13"]
[Round "7"]
[White "Mightimix"]
[Black "Super-Patzer"]
[Result "1-0"]
[WhiteElo "1681"]
[BlackElo "1635"]
[Annotator "NA"]
[PlyCount "159"]
[EventDate "2020.12.13"]
[EventType "blitz"]

1. e4 {[%emt 0:00:02]} c6 {[%emt 0:00:01]} 2. d4 {[%emt 0:00:04]} d5 {[%emt 0:00:01]} 3. e5 {[%emt 0:00:04]} Bf5 {[%emt 0:00:02]} 4. Nf3 {[%emt 0:00:08]} e6 {[%emt 0:00:03]} 5. Bd3 {[%emt 0:00:04]} Bxd3 {[%emt 0:00:04]} 6. Qxd3 {[%emt 0:00:02]} c5 {[%emt 0:00:06]} 7. c4 {[%emt 0:00:10]} cxd4 {[%emt 0:00:08]} 8. Qxd4 {[%emt 0:00:03]} dxc4 {[%emt 0:00:08]} 9. Qxd8+ {[%emt 0:00:06]} Kxd8 {[%emt 0:00:02]} 10. O-O {[%emt 0:00:02]} Bc5 {[%emt 0:00:06]} 11. Nc3 {[%emt 0:00:03]} Nc6 {[%emt 0:00:04]} 12. Bf4 {[%emt 0:00:18]} Nh6 {[%emt 0:00:07]} 13. Rfd1+ {[%emt 0:00:05]} Ke7 {[%emt 0:00:04]} 14. Rd2 {[%emt 0:00:18]} Nf5 {[%emt 0:00:10]} 15. Rad1 {[%emt 0:00:03]} Rhd8 {[%emt 0:00:03]} 16. Na4 {[%emt 0:00:19]} Bb4 {[%emt 0:00:09]} 17. Rxd8 {[%emt 0:00:16]} Rxd8 {[%emt 0:00:03]} 18. Bg5+ {[%emt 0:00:05]} f6 {[%emt 0:00:03]} 19. exf6+ {[%emt 0:00:02]} gxf6 {[%emt 0:00:01]} 20. Rxd8 {[%emt 0:00:04]} Nxd8 {[%emt 0:00:03]} 21. Bc1 {[%emt 0:00:11]} b5 {[%emt 0:00:07]} 22. Nc3 {[%emt 0:00:21]} Nc6 {[%emt 0:00:08]} 23. Nxb5 {[%emt 0:00:04]} a5 {[%emt 0:00:14]} 24. a3 {[%emt 0:00:05]} Bc5 {[%emt 0:00:07]} 25. Bd2 {[%emt 0:00:08]} a4 {[%emt 0:00:09]} 26. Kf1 {[%emt 0:00:02]} Nfd4 {[%emt 0:00:06]} 27. Nfxd4 {[%emt 0:00:04]} Nxd4 {[%emt 0:00:04]} 28. Nc3 {[%emt 0:00:06]} Nb3 {[%emt 0:00:06]} 29. Bh6 {[%emt 0:00:09]} Bd4 {[%emt 0:00:14]} 30. Nxa4 {[%emt 0:00:07]} Nc5 {[%emt 0:00:10]} 31. Nb6 {[%emt 0:00:08]} c3 {[%emt 0:00:06]} 32. bxc3 {[%emt 0:00:03]} Bxc3 {[%emt 0:00:02]} 33. Ke2 {[%emt 0:00:05]} Bb2 {[%emt 0:00:10]} 34. Nc4 {[%emt 0:00:12]} Bc3 {[%emt 0:00:13]} 35. Bf4 {[%emt 0:00:15]} e5 {[%emt 0:00:07]} 36. Be3 {[%emt 0:00:05]} Na4 {[%emt 0:00:12]} 37. Kd3 {[%emt 0:00:07]} Ke6 {[%emt 0:00:20]} 38. f4 {[%emt 0:00:13]} Kd5 {[%emt 0:00:09]} 39. fxe5 {[%emt 0:00:06]} fxe5 {[%emt 0:00:02]} 40. Nb6+ {[%emt 0:00:09]} Nxb6 {[%emt 0:00:03]} 41. Kxc3 {[%emt 0:00:10]} Nd7 {[%emt 0:00:13]} 42. Kb4 {[%emt 0:00:02]} Kc6 {[%emt 0:00:03]} 43. a4 {[%emt 0:00:02]} Nb8 {[%emt 0:00:15]} 44. a5 {[%emt 0:00:22]} Na6+ {[%emt 0:00:04]} 45. Kc4 {[%emt 0:00:10]} Nc7 {[%emt 0:00:09]} 46. g4 {[%emt 0:00:05]} Ne6 {[%emt 0:00:09]} 47. h4 {[%emt 0:00:02]} e4 {[%emt 0:00:05]} 48. a6 {[%emt 0:00:04]} Kc7 {[%emt 0:00:10]} 49. a7 {[%emt 0:00:04]} Kb7 {[%emt 0:00:03]} 50. Kd5 {[%emt 0:00:02]} Nc7+ {[%emt 0:00:10]} 51. Kxe4 {[%emt 0:00:03]} Ne8 {[%emt 0:00:02]} 52. Kf5 {[%emt 0:00:03]} Ng7+ {[%emt 0:00:03]} 53. Kf6 {[%emt 0:00:02]} Ne8+ {[%emt 0:00:03] Super-Patzer offers a draw} 54. Ke7 {[%emt 0:00:20]} Nc7 {[%emt 0:00:13]} 55. Kf7 {[%emt 0:00:16]} Nd5 {[%emt 0:00:08]} 56. Bg1 {[%emt 0:00:05]} Nf4 {[%emt 0:00:06]} 57. Kg8 {[%emt 0:00:07]} h5 {[%emt 0:00:03]} 58. g5 {[%emt 0:00:15]} Ng6 {[%emt 0:00:07]} 59. Bf2 {[%emt 0:00:07]} Ka8 {[%emt 0:00:15]} 60. Kg7 {[%emt 0:00:06]} Nf4 {[%emt 0:00:03]} 61. Kh6 {[%emt 0:00:04]} Kb7 {[%emt 0:00:08]} 62. g6 {[%emt 0:00:07]} Ne6 {[%emt 0:00:10]} 63. g7 {[%emt 0:00:03]} Nxg7 {[%emt 0:00:06]} 64. Kxg7 {[%emt 0:00:01]} Ka8 {[%emt 0:00:01]} 65. Kh6 {[%emt 0:00:01]} Kb7 {[%emt 0:00:01]} 66. Kxh5 {[%emt 0:00:01]} Ka8 {[%emt 0:00:00]} 67. Kg5 {[%emt 0:00:01]} Kb7 {[%emt 0:00:01]} 68. h5 {[%emt 0:00:01]} Ka8 {[%emt 0:00:01]} 69. h6 {[%emt 0:00:00]} Kb7 {[%emt 0:00:02]} 70. h7 {[%emt 0:00:00]} Ka8 {[%emt 0:00:01]} 71. h8=Q+ {[%emt 0:00:02]} Kb7 {[%emt 0:00:01]} 72. a8=Q+ {[%emt 0:00:03]} Kc7 {[%emt 0:00:01]} 73. Qa7+ {[%emt 0:00:03]} Kd6 {[%emt 0:00:02]} 74. Qh6+ {[%emt 0:00:01]} Kd5 {[%emt 0:00:01]} 75. Qa5+ {[%emt 0:00:02]} Ke4 {[%emt 0:00:02]} 76. Qh4+ {[%emt 0:00:01]} Kf3 {[%emt 0:00:02]} 77. Qa3+ {[%emt 0:00:02]} Ke2 {[%emt 0:00:01]} 78. Qe4+ {[%emt 0:00:05]} Kxf2 {[%emt 0:00:01]} 79. Qc2+ {[%emt 0:00:02]} Kf1 {[%emt 0:00:04]} 80. Qa1# {[%emt 0:00:00] Mate Mate} 1-0